00529 a2200169 4500010001400000020002300014035001300037037001500050082001300065100002300078245006500101260003700166270008700203300002700290500002000317700002200337 aENG-87013 a8131301982c995.00 aEN-70546 bDBAD / PUB14a338.47911 aChakraborty, Ahana1 aGlobal tourism /cby Ahana Chakraborty [and] B.K.Chakravorty aNew DelhibAPH Publisihingc2007 a4435/36-7, Ansari Road, DaryaganjbNew Delhie110 002k23274050maphbooks@vsnl.net avii, 457 pc22 cm (Hb) aIncludes index1 aChakravorty, B.K.